History Quiz

Random History or Biography Quiz

Famous Figures in European History Quiz Stats

 Plays Quiz Updated Jul 14, 2016

Challenge
Share
Tweet
Embed
Score 0/30 Timer 08:00
1 Play Today
Description Historical Figure % Correct
English mathematician who established the laws of motionIsaac Newton
87.7%
Queen of France who was executed during the French Revolution in 1793Marie Antoinette
85.3%
Carthaginian military commander who led his war elephants through the Alps into ItalyHannibal
82.7%
Famed Italian inventor, sculptor and painter famed for his 'Last Supper' muralLeonardo da Vinci
80.9%
French monarch who famously said 'L'État, c'est moi.' (I am the state.)Louis XIV
80%
Possibly mad King of Great Britain who ruled during the American Revolutionary WarGeorge III
77.3%
Emperor whose reforms westernized Russia and the namesake of the 2nd largest cityPeter the Great
76.3%
Holy Roman Emperor crowned on Christmas Day, 800 CECharlemagne
74.5%
Member of the failed Gunpowder Plot of 1605 and November 5th namesakeGuy Fawkes
74.4%
Russian Empress responsible for Russia's golden age of the 18th centuryCatherine the Great
68.4%
Spanish conquistador who caused the fall of the Aztec EmpireHernán Cortés
64.8%
Italian statesman who wrote of power and ethics in his work, 'The Prince'Niccolò Machiavelli
64.6%
English king who was forced to sign the Magna Carta in 1215 at RunnymedeJohn
62.2%
Spanish novelist, poet and playwright best remembered for 'Don Quixote'Miguel de Cervantes
61.7%
A 'magnificent' patron of the arts in Renaissance Italy and ruler of the Florentine RepublicLorenzo de' Medici
57.7%
Description Historical Figure % Correct
First German chancellor who unified the German states in the 19th centuryOtto von Bismarck
57.6%
Author of 'Candide' and outspoken critic of the French monarchyVoltaire
57.5%
French theologian of the Reformation and namesake of a branch of Protestantism John Calvin
52.5%
Author of 'Leviathan' which established the Social Contract TheoryThomas Hobbes
41.7%
Louis XIII's chief minister and the main antagonist in 'The Three Musketeers'Cardinal Richelieu
41.2%
Byzantine Emperor from 527-565 famed for his code of legal reformsJustinian I
37.5%
Belgian King who founded and exploited the Congo Free StateLeopold II
35.3%
A Father of the Church based in Hippo in North Africa who published his 'Confessions'Augustine
34.6%
The only canonized king of France who ruled there from 1226 - 1270Louis IX
29.4%
Revolutionary figure whose death in a bathtub was immortalized in a painting by the above artistJean Paul Marat
29%
Eccentric Bavarian ruler who commissioned Neuschwanstein Castle in the 1860sLudwig II
25.5%
Czech priest and reformer who was ultimately burned at the stake in 1415Jan Hus
18.5%
16th century French king famed for promoting the arts at the Château de ChambordFrancis I
18.1%
Neoclassical artist who survived being on the wrong side of the French RevolutionJacques-Louis David
18%
13th century Holy Roman Emperor who was excommunicated 4 times by the PopeFrederick II
9.2%

You're not logged in!

Compare scores with friends on all Sporcle quizzes.
OR
Log In

You Might Also Like...

Show Comments

Extras

Top Quizzes Today


Score Distribution

Your Account Isn't Verified!

In order to create a playlist on Sporcle, you need to verify the email address you used during registration. Go to your Sporcle Settings to finish the process.

Report this User

Report this user for behavior that violates our Community Guidelines.

Details: